000 00799nab a2200241 4500
003 BR-BrBNA
005 20250220103157.0
008 250220b bl.||||| |||| 00| 0 por d
040 _aBR-BrBNA
_bpor
072 _aA50 ; F30 ; D50
100 _aAndrade, Lívia
245 _aDada a largada
_bAgrotecnologia
500 _a1 illus.
650 _aPESQUISA AGRÍCOLA
650 _aBIOSSEGURANÇA
650 _aLEGISLAÇÃO
650 _aTRANSGENIA
650 _aORGANISMO GENETICAMENTE MODIFICADO
650 _aMELHORAMENTO GENÉTICO VEGETAL
773 0 _01706
_9347819
_dSão Paulo-SP Editora Três Ltda - E-mail: luizfsa@revistadinheiro.com.br 2004
_o2025-0321
_tDinheiro Rural (Brazil)
_x1807-3700
_gv. 2(6) p. 42-43; (Apr 2005)
_wBR2024004775
942 _cANA
999 _c330063
_d330063